THE MODREN HOUSE (Record no. 26048)
[ view plain ]
| 000 -LEADER | |
|---|---|
| fixed length control field | 00390nam a22001697a 4500 |
| 005 - DATE AND TIME OF LATEST TRANSACTION | |
| control field | 20230905185158.0 |
| 008 - FIXED-LENGTH DATA ELEMENTS--GENERAL INFORMATION | |
| fixed length control field | 230718b |||||||| |||| 00| 0 eng d |
| 020 ## - INTERNATIONAL STANDARD BOOK NUMBER | |
| ISBN | 9781908967725 |
| 082 ## - DEWEY DECIMAL CLASSIFICATION NUMBER | |
| Classification number | 724.6 |
| Item number | BEL-M |
| 100 ## - MAIN ENTRY--AUTHOR | |
| Author Name | Bell, Jonathan, |
| 245 ## - TITLE STATEMENT | |
| Title | THE MODREN HOUSE |
| 300 ## - PHYSICAL DESCRIPTION | |
| Pages | 159 |
| 500 ## - GENERAL NOTE | |
| General note | INCLUIDE INDEX |
| 650 ## - SUBJECT ADDED ENTRY--TOPICAL TERM | |
| Subject / Department | Architecture |
| 700 ## - ADDED ENTRY--PERSONAL NAME | |
| Personal name | Jonthan Bell |
| 952 ## - LOCATION AND ITEM INFORMATION (KOHA) | |
| -- | 0 |
| -- | 0 |
| Lost status | Damaged status | Permanent Location | Current Location | Shelving Location | Date acquired | Full Call Number | Accession No./Barcode | Date last seen | item type |
|---|---|---|---|---|---|---|---|---|---|
| Superior Information Resource Center (SIRC) Superior University- Main Campus | Superior Information Resource Center (SIRC) Superior University- Main Campus | Architecture | 07/18/2023 | 724.6 BEL-T | 20205 | 07/18/2023 | BOOK |
